[Event "36th Zalakaros Open 2017"]
[Site "Zalakaros HUN"]
[Date "2017.05.25"]
[Round "8.25"]
[White "Jarmula,L"]
[Black "Kosakowski,Jakub"]
[Result "1-0"]
[WhiteElo "2469"]
[BlackElo "2369"]

1.e4 e5 2.Nf3 Nc6 3.Bc4 Bc5 4.O-O Nf6 5.d3 d6 6.c3 a6 7.Bb3 Ba7 8.Nbd2 O-O
9.h3 Ne7 10.Re1 Ng6 11.Nf1 Be6 12.Ng3 Re8 13.d4 Bxb3 14.Qxb3 b5 15.Be3 exd4
16.Bxd4 c5 17.Bxf6 Qxf6 18.Nh5 Qe7 19.Qd5 c4 20.Nd4 Qh4 21.g3 Qxh3 22.Qf5 Qxf5
23.Nxf5 Ne5 24.Nhxg7 Nf3+ 25.Kg2 Nxe1+ 26.Rxe1 Bc5 27.Nxe8 Rxe8 28.f4 f6
29.Kf3 d5 30.Re2 dxe4+ 31.Rxe4 Rd8 32.Re6 Rd2 33.Rxa6 Rxb2 34.Rc6 Bf8 35.Nd4
b4 36.cxb4 Rxb4 37.Rc8 Kf7 38.Rc7+ Kg6 39.Ne6 Bd6 40.Rd7 Rb6 41.g4 Ra6 42.a4
f5 43.g5 c3 44.Rg7+ Kh5 45.Rxh7+ Kg6 46.Rh6+ Kf7 47.Rf6+ Ke7 48.Nd4 c2 49.Nxc2
Rxa4 50.Rxf5 Rc4 51.Ne3 Rc5 52.Ke4 Ke6 53.Rf6+ Kd7 54.Rf7+ Ke8 55.g6 {#r} 1-0

[Event "10th KIIT Elite Open 2017"]
[Site "Bhubaneswar IND"]
[Date "2017.05.27"]
[Round "3.23"]
[White "Reefat,S"]
[Black "Jeet,J"]
[Result "1-0"]
[WhiteElo "2437"]
[BlackElo "2151"]

1.e4 e5 2.Nf3 Nc6 3.Bc4 Bc5 4.O-O Nf6 5.d3 a6 6.c3 d6 7.a4 O-O 8.Be3 Ba7 9.Na3
Bb8 10.Bb3 h6 11.h3 Re8 12.Nc4 Ne7 13.Nh4 Be6 14.a5 Nc8 15.Nf5 Bxf5 16.exf5 d5
17.Nd2 c6 18.Qf3 Nd6 19.Bb6 Qd7 20.g4 e4 21.dxe4 dxe4 22.Qg2 Nxf5 23.gxf5 Qxd2
24.Be3 Qd6 25.Rad1 Qe5 26.Bxh6 Nh5 27.Rd7 Rf8 28.Rfd1 Qxf5 29.Rxb7 Kh7 30.Be3
Nf6 31.Bxf7 Be5 32.Be6 Qg6 33.Bf5 {#r} 1-0

[Event "26th Chicago Open 2017"]
[Site "Chicago USA"]
[Date "2017.05.27"]
[Round "4.20"]
[White "Peng,David T"]
[Black "Mulyar,M"]
[Result "1-0"]
[WhiteElo "2254"]
[BlackElo "2407"]
[EventType "swiss"]

1.e4 e5 2.Nf3 Nc6 3.Bc4 Bc5 4.O-O Nf6 5.d3 O-O 6.c3 d6 7.Bb3 h6 8.h3 a6 9.Be3
Bxe3 10.fxe3 Be6 11.Nbd2 Bxb3 12.Qxb3 Rb8 13.d4 Nd7 14.a4 Kh7 15.a5 Qe7 16.Qc4
Nf6 17.Qd3 Rbe8 18.Rfe1 Qd8 19.Qc2 Kg8 20.b4 Nh7 21.Qb3 Na7 22.c4 Ng5 23.b5
Nxf3+ 24.Nxf3 axb5 25.cxb5 Qd7 26.Rab1 exd4 27.exd4 Re7 28.Nh4 Rfe8 29.Qd3 d5
30.e5 Re6 31.Nf5 f6 32.Qg3 Kh7 33.b6 Nc8 34.Rec1 c6 35.a6 fxe5 36.a7 Nd6
37.Nxd6 Qxd6 38.dxe5 Rxe5 39.Ra1 Ra8 40.Rf1 Qc5+ 41.Kh1 Rg5 42.Qb8 Qe3 43.Qxa8
Rxg2 44.Kxg2 Qe4+ 45.Rf3 Qe2+ 46.Rf2 {#r} 1-0

[Event "4th Gligoric Cup 2017"]
[Site "Novi Banovci SRB"]
[Date "2017.05.26"]
[Round "2.1"]
[White "Kovacevic,Draga"]
[Black "Nestorovic,N"]
[Result "0-1"]
[WhiteElo "2244"]
[BlackElo "2506"]

1.e4 e5 2.Nf3 Nc6 3.Bc4 Nf6 4.d3 Bc5 5.c3 O-O 6.b4 Bb6 7.a4 a6 8.Bg5 d6 9.Nbd2
Be6 10.Qb3 Qe7 11.O-O h6 12.Bh4 g5 13.Bg3 Nh5 14.Bd5 Bxd5 15.Qxd5 Qe6 16.Qc4
Ne7 17.Rad1 a5 18.b5 Qf6 19.Qa2 Ng6 20.Nc4 Nhf4 21.Ne3 Qe6 22.Qc2 Bxe3 23.fxe3
Nh5 24.c4 f5 25.exf5 Rxf5 26.Nd2 Raf8 27.Rxf5 Rxf5 28.Ne4 Nf6 29.Nxf6+ Rxf6
30.Rf1 Rxf1+ 31.Kxf1 h5 32.c5 Qf5+ 33.Bf2 dxc5 34.e4 Qd7 35.Bxc5 Nf4 36.d4 b6
37.g3 Ne6 38.Ba3 Nxd4 39.Qd1 Qh3+ 40.Kg1 g4 41.Kh1 h4 42.Qd3 hxg3 43.Qxg3 Qf1+
44.Qg1 Qf3+ 45.Qg2 Qxa3 46.Qxg4+ Kf7 47.Qh5+ Ke6 {#R} 0-1

[Event "4th Gligoric Cup 2017"]
[Site "Novi Banovci SRB"]
[Date "2017.05.27"]
[Round "4.9"]
[White "Markovic,Mis"]
[Black "Sekulic,D"]
[Result "1-0"]
[WhiteElo "2297"]
[BlackElo "2211"]

1.e4 e5 2.Nf3 Nc6 3.Bc4 Bc5 4.Nc3 Nf6 5.d3 d6 6.a3 Be6 7.Nd5 Bxd5 8.exd5 Ne7
9.Bb5+ Kf8 10.b4 Bb6 11.c4 a6 12.Ba4 h6 13.O-O Ba7 14.Bb2 g5 15.d4 e4 16.Nd2
Nf5 17.c5 Kg7 18.Bc2 Re8 19.Re1 Ne7 20.Nxe4 Nexd5 21.Ng3 Rxe1+ 22.Qxe1 Qf8
23.Qd2 Re8 24.Re1 Bb8 25.Rxe8 Nxe8 26.Qe2 Nef6 27.h4 Nf4 28.Qf3 d5 29.Nf5+ Kh7
30.g3 {#r} 1-0

[Event "4th Gligoric Cup 2017"]
[Site "Novi Banovci SRB"]
[Date "2017.05.25"]
[Round "1.5"]
[White "Markovic,Mis"]
[Black "Abramovic,B"]
[Result "0-1"]
[WhiteElo "2297"]
[BlackElo "2406"]

1.e4 e5 2.Nf3 Nc6 3.Bc4 Bc5 4.b4 Bxb4 5.c3 Be7 6.d4 Na5 7.Nxe5 Nxc4 8.Nxc4 d5
9.exd5 Qxd5 10.Ne3 Qd8 11.Ba3 Nf6 12.O-O O-O 13.Bxe7 Qxe7 14.Nd2 Be6 15.Qf3 c6
16.Rfe1 Rfd8 17.Ndc4 Qc7 18.Ne5 Rac8 19.Rab1 b6 20.Nf5 c5 21.Nc6 Bxf5 22.Ne7+
Qxe7 23.Rxe7 Bxb1 24.dxc5 Rxc5 25.h3 Bxa2 26.Rxa7 Bd5 27.Qe3 Rdc8 28.Ra6 b5
29.Ra3 Ne4 30.Qd4 h6 31.f3 Nxc3 32.Rxc3 Rxc3 33.Qxd5 b4 34.Qb5 b3 35.f4 Rd8
36.f5 Rc2 37.Qxb3 Rd1+ 38.Kh2 Rdd2 39.Kg3 Rxg2+ 40.Kh4 Rcf2 41.Qc4 Kh7 42.Qe4
Rg5 43.f6+ Rgf5 {#R} 0-1

[Event "TCh-FRA Top 12 2017"]
[Site "Chartres FRA"]
[Date "2017.05.24"]
[Round "7.3"]
[White "Vachier Lagrave,M"]
[Black "Gledura,B"]
[Result "1-0"]
[WhiteElo "2795"]
[BlackElo "2602"]

1.e4 e5 2.Nf3 Nc6 3.Bc4 Bc5 4.c3 Nf6 5.d3 a5 6.O-O d6 7.Bg5 h6 8.Bh4 g5 9.Bg3
O-O 10.a4 Bg4 11.h3 Bh5 12.Na3 Qd7 13.Nc2 Bb6 14.Ne3 Ne7 15.Bb3 Kh8 16.Bc2 Rg8
17.d4 exd4 18.cxd4 Rae8 19.Re1 Ba7 20.Ra3 Bg6 21.Ne5 Qc8 22.Nxg6+ fxg6 23.e5
Nfd5 24.exd6 cxd6 25.Bxd6 Qd7 26.Be5+ Kh7 27.Be4 Rd8 28.Ng4 Rgf8 29.Rf3 h5
30.Ne3 Nxe3 31.Rf7+ {#r} 1-0

[Event "TCh-FRA Top 12 2017"]
[Site "Chartres FRA"]
[Date "2017.05.25"]
[Round "8.5"]
[White "Philippe,C"]
[Black "Van Foreest,Jorden"]
[Result "0-1"]
[WhiteElo "2386"]
[BlackElo "2595"]

1.e4 e5 2.Nf3 Nc6 3.Bc4 Bc5 4.c3 Nf6 5.d3 O-O 6.Bb3 d5 7.Qe2 Re8 8.h3 a5
9.Nbd2 a4 10.Bc2 b6 11.O-O Nh5 12.Rd1 Nf4 13.Qf1 d4 14.Nc4 Qf6 15.Nh2 b5
16.Na3 Bxa3 17.bxa3 dxc3 18.Be3 Nd4 19.Bxd4 exd4 20.Ng4 Qg5 {#R} 0-1

[Event "36th Zalakaros Open 2017"]
[Site "Zalakaros HUN"]
[Date "2017.05.25"]
[Round "8.10"]
[White "Nemeth,Mi1"]
[Black "Vajda,Le"]
[Result "0-1"]
[WhiteElo "2451"]
[BlackElo "2600"]

1.e4 e5 2.Nf3 Nc6 3.Bc4 Bc5 4.c3 Nf6 5.d3 O-O 6.O-O d6 7.Nbd2 a6 8.Bb3 Ba7
9.Re1 Ng4 10.Re2 Kh8 11.Nf1 f5 12.exf5 Bxf5 13.Ng3 Bg6 14.Be6 Nf6 15.d4 Qe8
16.Bh3 Nh5 17.Ng5 Nf4 18.Bxf4 Rxf4 19.Qd2 Rh4 20.d5 Ne7 21.Kh1 Bb6 22.Rd1 h6
23.N5e4 Bh7 24.Qe1 Ng6 25.Bf5 Nf4 26.Red2 Bg6 27.b4 Bh5 28.f3 Bg6 29.Nf1 Qe7
30.Bxg6 Nxg6 31.g3 Rh5 32.Ne3 Rf8 33.Qe2 Qd7 34.c4 Bxe3 35.Qxe3 Ne7 36.Qe2
Rhf5 37.Rd3 R5f7 38.Qg2 Nf5 39.Qh3 Qe7 40.Qg2 Nd4 41.f4 b6 42.Re1 Qd7 43.Nc3
Qf5 44.Rd2 g5 45.Re4 gxf4 46.gxf4 Rg7 47.Qf1 Rfg8 48.Rd1 Qh5 49.Re3 Nf5 50.Qf3
Ng3+ 51.Kg2 Ne2+ 52.Kf2 Qxh2+ 53.Ke1 Nxc3 {#R} 0-1

[Event "Deltalift Open 2017"]
[Site "Tylosand SWE"]
[Date "2017.05.25"]
[Round "2.11"]
[White "Sivhed,Johan"]
[Black "Ingbrandt,J"]
[Result "0-1"]
[WhiteElo "2054"]
[BlackElo "2359"]

1.e4 e5 2.Nf3 Nc6 3.Bc4 Bc5 4.c3 Nf6 5.d3 a6 6.O-O Ba7 7.Bb3 d6 8.Nbd2 O-O
9.h3 Be6 10.Re1 Bxb3 11.Qxb3 Qd7 12.Nf1 Nh5 13.Be3 Bxe3 14.Nxe3 Nf4 15.d4 exd4
16.cxd4 Ne7 17.Rac1 c6 18.Nc4 Rad8 19.e5 dxe5 20.Ncxe5 Qc7 21.Re4 Ned5 22.g3
Nxh3+ 23.Kg2 f6 24.Kxh3 fxe5 25.dxe5 Qf7 26.Kg2 Rde8 27.Rce1 Re7 28.R1e2 Kh8
29.Qa3 Rfe8 30.Ng5 Qg6 31.f4 h6 32.Qd6 Qh5 33.Nf3 a5 34.Nh4 Nxf4+ 35.gxf4 Qxh4
36.e6 Qg4+ 37.Kf2 Qh3 38.Ke1 a4 39.Kd2 Qf5 40.a3 c5 41.Kc3 b5 42.R2e3 b4+
43.axb4 cxb4+ 44.Kxb4 a3 45.bxa3 Rb7+ 46.Kc3 Qa5+ 47.Kc2 Rc8+ 48.Kd1 Rb1+
49.Ke2 Rc2+ 50.Kf3 Qh5+ 51.Kg3 Rg1# 0-1

[Event "26th Chicago Open 2017"]
[Site "Chicago USA"]
[Date "2017.05.26"]
[Round "2.39"]
[White "Neal II,James A"]
[Black "Zhang,Yuanchen"]
[Result "0-1"]
[WhiteElo "2139"]
[BlackElo "2268"]
[EventType "swiss"]

1.e4 e5 2.Nf3 Nc6 3.Bc4 Bc5 4.c3 Nf6 5.d3 a6 6.Bb3 O-O 7.O-O Ba7 8.Nbd2 h6
9.h3 d5 10.Qe2 Re8 11.Rd1 Be6 12.Nf1 d4 13.Bxe6 Rxe6 14.Ng3 Nd7 15.Nf5 Nc5
16.cxd4 exd4 17.Bf4 Qf6 18.g4 Bb6 19.Rac1 Rae8 20.Qd2 Ba5 21.Qc2 Nd7 22.Kg2
Bb6 23.a3 Nde5 24.Nxe5 Nxe5 25.Qd2 c5 26.Bxe5 Qxe5 27.f4 Qb8 28.Rf1 Kh7 29.Rf3
Qd8 30.Rg3 Rc6 31.g5 h5 32.e5 Qd5+ 33.Kh2 Bc7 34.Qg2 Qe6 35.Qe4 g6 36.Nh4 c4
37.Nf3 Bb6 38.Nxd4 Bxd4 39.Qxd4 cxd3 40.Rxc6 Qxc6 41.Rxd3 Qc2+ 42.Rd2 Qf5
43.Kg3 Re7 44.Qb4 Rc7 45.Rd6 Qb1 46.Rd2 Qg1+ 47.Rg2 h4+ 48.Kf3 Qf1+ {#R} 0-1

[Event "ch-Flemish 2017"]
[Site "Ghent BEL"]
[Date "2017.05.27"]
[Round "5.5"]
[White "Beukema,Jasper"]
[Black "De Waele,Warre"]
[Result "0-1"]
[WhiteElo "2233"]
[BlackElo "2070"]

1.e4 e5 2.Nf3 Nc6 3.Bc4 Bc5 4.c3 Nf6 5.d3 d6 6.h3 h6 7.Nbd2 a5 8.Bb3 O-O 9.O-O
Be6 10.Bc2 d5 11.Re1 Re8 12.Qe2 Qd7 13.Nf1 a4 14.Ng3 d4 15.Nh4 Bf8 16.a3 Na5
17.c4 Nb3 18.Bxb3 axb3 19.Nhf5 b5 20.cxb5 Qxb5 21.Qf3 Bxf5 22.Nxf5 Re6 23.Kh1
Nd7 24.Rd1 Raa6 25.Qe2 Rac6 26.f4 Rc2 27.Qf1 c5 28.g3 Qb7 29.Rd2 c4 30.fxe5
Rxd2 31.Bxd2 Nxe5 32.Nxd4 Rd6 33.Bf4 Rxd4 34.Bxe5 Rxd3 35.Qg2 Re3 36.Bd4 Rd3
37.Bc3 Bxa3 38.Rc1 Bc5 39.Be5 Qd7 {#R} 0-1

[Event "TCh-FRA Top 12 2017"]
[Site "Chartres FRA"]
[Date "2017.05.26"]
[Round "9.3"]
[White "Malakhov,V"]
[Black "Sanikidze,T"]
[Result "1-0"]
[WhiteElo "2712"]
[BlackElo "2518"]

1.e4 e5 2.Nf3 Nc6 3.Bc4 Nf6 4.d3 Be7 5.O-O O-O 6.Re1 d6 7.a4 Na5 8.Ba2 c5
9.Na3 Be6 10.Bxe6 fxe6 11.c3 Nc6 12.Nc4 Rb8 13.Bd2 Ne8 14.b4 cxb4 15.cxb4 d5
16.exd5 Nxb4 17.dxe6 Nxd3 18.Re3 e4 19.Rxe4 Qd5 20.Rd4 Qxe6 21.Rxd3 Qxc4
22.Ne5 Qa6 23.Qb3+ Kh8 24.Re1 Nf6 25.Rh3 Ng8 26.Nf7+ Rxf7 27.Qxf7 Qxa4 28.Qg6
h6 29.Bxh6 Nxh6 30.Rxh6+ gxh6 31.Qxh6+ Kg8 32.Qe6+ Kf8 33.Qxe7+ Kg8 34.Qe6+
{#r} 1-0

[Event "36th Zalakaros Open 2017"]
[Site "Zalakaros HUN"]
[Date "2017.05.25"]
[Round "8.2"]
[White "Shyam,SM"]
[Black "Rapport,R"]
[Result "0-1"]
[WhiteElo "2535"]
[BlackElo "2698"]

1.e4 e5 2.Nf3 Nc6 3.Bc4 Nf6 4.d3 Be7 5.O-O d6 6.a4 h6 7.a5 a6 8.Re1 Nh7 9.c3
Ng5 10.Nbd2 Bf6 11.b4 g6 12.Bb2 O-O 13.Qb3 Bg7 14.d4 Bg4 15.Re3 Qe7 16.d5 Nb8
17.Nxg5 Qxg5 18.Be2 h5 19.c4 Bh6 20.Nf3 Qe7 21.Rc3 h4 22.c5 h3 23.c6 bxc6
24.dxc6 hxg2 25.Bc1 Bxc1 26.Raxc1 Kg7 27.Qb2 Rh8 28.Qd2 Qf6 29.Ra3 Rh3 30.Kxg2
d5 31.Qxd5 Bxf3+ 32.Bxf3 Qg5+ 33.Kxh3 Nxc6 34.Bg4 Qxc1 35.Kg2 Qxa3 36.Qxc6 Rf8
37.Qxc7 Qxb4 38.Qxe5+ f6 39.Qd5 Re8 40.Bf3 Re5 41.Qd7+ Qe7 42.Qxe7+ Rxe7
43.Be2 Rxe4 44.Bxa6 Ra4 45.Be2 Rxa5 46.h4 Ra3 47.Bd1 Kf7 48.Bc2 Rc3 49.Ba4 Ke7
50.Bb5 Rb3 51.Bc6 Rd3 52.Bb5 Rc3 53.f3 Rb3 54.Bc6 Rb6 55.Bd5 Rd6 56.Bg8 Kf8
57.Bb3 Kg7 58.Kg3 Kh6 59.Bf7 Kh5 60.Be8 Rd4 61.Bf7 f5 62.Be8 f4+ 63.Kh3 Rd1
64.Bf7 Rg1 {#R} 0-1

[Event "Bodensee Open 2017"]
[Site "Bregenz AUT"]
[Date "2017.05.28"]
[Round "9.13"]
[White "Balasubramaniam,H"]
[Black "Willemsma,A"]
[Result "1-0"]
[WhiteElo "2165"]
[BlackElo "2070"]

1.e4 e5 2.Nf3 Nc6 3.Bc4 Nf6 4.d3 Be7 5.c3 O-O 6.Bb3 d5 7.exd5 Nxd5 8.h3 Be6
9.O-O Bf6 10.Re1 Re8 11.Ba4 Qd6 12.Nbd2 Nf4 13.d4 Bd5 14.Ne4 Bxe4 15.Rxe4 Qd5
16.Qe1 Nd3 17.Qe2 b5 18.Bb3 Nxc1 19.Bxd5 Nxe2+ 20.Rxe2 {#r} 1-0

[Event "26th Chicago Open 2017"]
[Site "Chicago USA"]
[Date "2017.05.25"]
[Round "1.46"]
[White "Ampie,Mauro"]
[Black "Harshita,Guddanti"]
[Result "1-0"]
[WhiteElo "2327"]
[BlackElo "2007"]
[EventType "swiss"]

1.e4 e5 2.Nf3 Nc6 3.d4 exd4 4.Bc4 Nf6 5.e5 d5 6.Bb5 Ne4 7.Nxd4 Bd7 8.Bxc6 bxc6
9.O-O Bc5 10.f3 Ng5 11.Be3 Bb6 12.f4 Ne4 13.Nc3 c5 14.Nb3 d4 15.Nxe4 dxe3
16.c4 a5 17.Qe2 a4 18.Nc1 Bc6 19.Qxe3 Qd4 20.Qxd4 cxd4 21.Nf2 Rg8 22.Ncd3 g5
23.Ng4 O-O-O 24.f5 Be4 25.Rad1 Rge8 26.Nh6 Bxd3 27.Rxd3 Rxe5 28.Nxf7 Re3
29.Nxd8 Rxd3 30.Ne6 Re3 31.c5 Ba7 32.Rd1 d3 33.Kf2 Re5 34.g4 Bxc5+ 35.Nxc5
Rxc5 36.Rxd3 Rc6 37.Ke3 Rb6 38.Ke4 Rxb2 39.f6 Rf2 40.Ke5 c5 41.Ke6 Re2+ 42.Kf7
c4 43.Rd4 c3 44.Kg8 c2 45.Rc4+ Kd7 46.f7 Rf2 47.f8=Q {#r} 1-0

[Event "TCh-FRA Top 12 2017"]
[Site "Chartres FRA"]
[Date "2017.05.26"]
[Round "9.2"]
[White "David,Alb"]
[Black "Barbot,Pi1"]
[Result "1-0"]
[WhiteElo "2548"]
[BlackElo "2456"]

1.e4 e5 2.Nf3 Nc6 3.Bb5 g6 4.c3 a6 5.Ba4 Bg7 6.d4 exd4 7.cxd4 b5 8.Bb3 Nge7
9.Nc3 O-O 10.d5 Na5 11.d6 cxd6 12.Qxd6 Nxb3 13.axb3 Bb7 14.O-O Nc8 15.Qd3 Nb6
16.Bg5 Qb8 17.Qe3 Bc6 18.Bh6 Re8 19.Bxg7 Kxg7 20.Rfe1 Kg8 21.Qd4 a5 22.e5 b4
23.Ne4 Bxe4 24.Rxe4 d6 25.h4 dxe5 26.Rxe5 Rxe5 27.Nxe5 h5 28.Rc1 Qd8 29.Qf4
Qe7 30.Nxg6 fxg6 31.Rc6 Qf7 32.Qh6 Qh7 33.Rxg6+ Kh8 34.Qg5 {#r} 1-0

[Event "36th Zalakaros Open 2017"]
[Site "Zalakaros HUN"]
[Date "2017.05.23"]
[Round "6.56"]
[White "Szente Varga,F"]
[Black "Czupor,Attila"]
[Result "1-0"]
[WhiteElo "2190"]
[BlackElo "2230"]

1.e4 e5 2.Nf3 Nc6 3.Bb5 Nge7 4.O-O a6 5.Ba4 g6 6.c3 Bg7 7.d4 exd4 8.cxd4 O-O
9.d5 b5 10.Bc2 Na5 11.Nc3 d6 12.Re1 c5 13.dxc6 Nexc6 14.Bg5 Bf6 15.Bxf6 Qxf6
16.Rb1 Be6 17.Qxd6 Rfd8 18.Qg3 Nb4 19.e5 Qe7 20.Be4 Rac8 21.Ng5 Kg7 22.f4 f6
23.exf6+ Qxf6 24.Bxg6 hxg6 25.Nxe6+ Kf7 26.Nxd8+ Rxd8 27.Ne4 Qd4+ 28.Kh1 Nd3
29.Ng5+ Kg8 30.Rf1 Re8 31.f5 Re2 32.Qb8+ Kg7 33.Qc7+ Kh6 34.Qh7+ Kxg5 35.Qxg6+
Kh4 36.g3+ {#r} 1-0

[Event "4th Gligoric Cup 2017"]
[Site "Novi Banovci SRB"]
[Date "2017.05.27"]
[Round "3.2"]
[White "Klasan,V"]
[Black "Grujic,Miroslav"]
[Result "1-0"]
[WhiteElo "2378"]
[BlackElo "2028"]

1.e4 e5 2.Nf3 Nc6 3.Bb5 d6 4.d4 exd4 5.Nxd4 Bd7 6.Nc3 Nxd4 7.Bxd7+ Qxd7 8.Qxd4
Nf6 9.Bg5 Be7 10.O-O-O Qg4 11.f4 h6 12.h3 Qc8 13.Bh4 c5 14.Qf2 Qc6 15.e5 dxe5
16.fxe5 Nd7 17.Bxe7 Kxe7 18.Rd6 Qc8 19.Nd5+ Ke8 20.e6 Nf6 21.Nxf6+ gxf6
22.Qxf6 Rh7 23.Rd7 Qc6 24.Qe7# 1-0

[Event "10th KIIT Elite Open 2017"]
[Site "Bhubaneswar IND"]
[Date "2017.05.27"]
[Round "3.20"]
[White "Deviatkin,A"]
[Black "Hegde,R1"]
[Result "1-0"]
[WhiteElo "2481"]
[BlackElo "2165"]

1.e4 e5 2.Nf3 Nc6 3.Bb5 f5 4.Nc3 Nf6 5.Qe2 fxe4 6.Nxe4 Be7 7.Nxf6+ gxf6 8.d4
d5 9.dxe5 O-O 10.Bh6 Re8 11.O-O-O Bf8 12.Bxf8 Kxf8 13.Qd2 fxe5 14.Bc4 Qf6
15.Bxd5 Bf5 16.g4 Bg6 17.Qh6+ Qg7 18.Qxg7+ Kxg7 19.Bxc6 bxc6 20.Rd7+ Kg8
21.Re1 e4 22.Nh4 Rac8 23.b3 Re6 24.f4 Bf7 25.Nf5 Kf8 26.h4 c5 27.c4 Bg6 28.Ne3
Rd6 29.Rd1 {#r} 1-0

[Event "26th Chicago Open 2017"]
[Site "Chicago USA"]
[Date "2017.05.27"]
[Round "4.2"]
[White "Sevian,Samuel"]
[Black "Schmakel,Sam A"]
[Result "1-0"]
[WhiteElo "2585"]
[BlackElo "2344"]
[EventType "swiss"]

1.e4 e5 2.Nf3 Nc6 3.Bb5 Nf6 4.d3 Bc5 5.c3 O-O 6.O-O d6 7.Bg5 h6 8.Bh4 g5 9.Bg3
Nh5 10.Nbd2 Qf6 11.Kh1 Ne7 12.Bc4 Nf4 13.b4 Bb6 14.a4 c6 15.Bb3 Neg6 16.Nc4
Bc7 17.Ne3 h5 18.h3 Kg7 19.Nh2 g4 20.h4 Nxh4 21.Bxh4 Qxh4 22.g3 Qg5 23.f3 Nh3
24.Qd2 Be6 25.fxg4 Bxb3 26.Rf5 Qg6 27.Rxh5 Rh8 28.Nf5+ Kf6 29.Rf1 Ke6 30.Qb2
Bxa4 31.Qa2+ d5 32.exd5+ cxd5 33.Qxa4 Bb6 34.c4 Nf2+ 35.Rxf2 Bxf2 36.cxd5+ Kf6
37.Qd7 Qxh5 38.gxh5 Rad8 39.Qe7+ Kxf5 40.Qxf7+ {#r} 1-0

[Event "36th Zalakaros Open 2017"]
[Site "Zalakaros HUN"]
[Date "2017.05.24"]
[Round "7.56"]
[White "Karacsonyi,Gellert"]
[Black "Czupor,Attila"]
[Result "0-1"]
[WhiteElo "2189"]
[BlackElo "2230"]

1.e4 e5 2.Nf3 Nc6 3.Bb5 a6 4.Bxc6 dxc6 5.O-O Bg4 6.h3 Bh5 7.g4 Bg6 8.Nxe5 Qh4
9.Qf3 f6 10.Nxg6 hxg6 11.Kg2 g5 12.Rh1 Ne7 13.Qb3 O-O-O 14.d3 Ng6 15.Be3 Bc5
16.Qe6+ Kb8 17.Qf5 Nf4+ 18.Kf1 Bxe3 19.fxe3 g6 20.Qa5 Nxh3 21.Qd2 Qxg4 22.Qe2
Qxe2+ {#R} 0-1

[Event "4th Gligoric Cup 2017"]
[Site "Novi Banovci SRB"]
[Date "2017.05.26"]
[Round "2.4"]
[White "Kojovic,D"]
[Black "Roljevic,D"]
[Result "1-0"]
[WhiteElo "2376"]
[BlackElo "2103"]

1.e4 e5 2.Nf3 Nc6 3.Bb5 a6 4.Bxc6 dxc6 5.O-O f6 6.d4 exd4 7.Nxd4 Ne7 8.Be3 Ng6
9.Qh5 Bd6 10.Nd2 O-O 11.Rad1 Qe7 12.Rfe1 Qe5 13.Qxe5 fxe5 14.N4b3 b6 15.Nf1 c5
16.Ng3 Ne7 17.f3 Be6 18.Nc1 a5 19.Nge2 a4 20.Nc3 Bc4 21.Bg5 Nc6 22.Nd5 Nd4
23.Ne3 Be6 24.c3 Nb5 25.a3 h6 26.Bh4 g6 27.Nd3 c6 28.Bg3 Rae8 29.Rd2 Bb3
30.Nc1 Bf7 31.Red1 Bb8 32.Rd7 h5 33.Bh4 Be6 34.R7d2 Kg7 35.Bg5 Bc7 36.Kf2 Na7
37.Nd3 Bb3 38.Re1 Rf7 39.Nc1 Be6 40.Red1 Rff8 41.h3 Nc8 42.Ne2 Bb3 43.Rd7+ Rf7
44.Rxf7+ Bxf7 45.Rd7 Bb8 46.g4 Nd6 47.gxh5 gxh5 48.Rxd6 Bxd6 49.Nf5+ Kg6
50.Nxd6 Kxg5 51.Nxf7+ Kh4 52.Nd6 Rd8 53.Nc4 b5 54.Nxe5 Rd2 55.f4 Rxb2 56.Nxc6
Rd2 57.e5 Rd7 58.e6 Rg7 59.e7 Rg8 60.Ng3 Re8 61.Kf3 Kxh3 62.Ne4 b4 63.cxb4
cxb4 64.axb4 a3 65.Nc3 Rg8 66.Na2 Rg3+ 67.Ke4 Rg8 68.f5 {#r} 1-0

[Event "26th Chicago Open 2017"]
[Site "Chicago USA"]
[Date "2017.05.28"]
[Round "6.29"]
[White "Song,Edward"]
[Black "Lapan,Dan"]
[Result "1-0"]
[WhiteElo "2302"]
[BlackElo "2194"]
[EventType "swiss"]

1.e4 e5 2.Nf3 Nc6 3.Bb5 a6 4.Ba4 b5 5.Bb3 Na5 6.O-O d6 7.d4 exd4 8.Nxd4 Bb7
9.c4 Nxc4 10.Bxc4 bxc4 11.Nd2 Nf6 12.Nxc4 Be7 13.Na5 Bxe4 14.Re1 c5 15.Ndc6
Qc7 16.Nxe7 Kxe7 17.Bg5 Qxa5 18.Rxe4+ Kd7 19.Bxf6 gxf6 20.Qd5 Qb6 21.Rae1 Ra7
22.Re7+ Kc8 23.Rxa7 Qxa7 24.Qxd6 Rd8 25.Qc6+ Kb8 26.Qxf6 Rd7 27.Qh8+ Kc7
28.Qxh7 Qb6 29.Qf5 Qd6 30.g3 Kb6 31.h4 Qd2 32.Re3 c4 33.b3 Rc7 34.bxc4 Qxa2
35.Qf6+ Kb7 36.Qf3+ Ka7 37.Rc3 a5 38.c5 a4 39.c6 Qe6 40.Qf4 Qe1+ 41.Kg2 Kb8
42.Qb4+ {#r} 1-0

[Event "Deltalift Open 2017"]
[Site "Tylosand SWE"]
[Date "2017.05.25"]
[Round "2.12"]
[White "Welin,M"]
[Black "Olsson,T"]
[Result "0-1"]
[WhiteElo "2336"]
[BlackElo "2020"]

1.e4 e5 2.Nf3 Nc6 3.Bb5 a6 4.Ba4 d6 5.c3 f5 6.exf5 Bxf5 7.O-O Bd3 8.Re1 Be7
9.Bc2 Bxc2 10.Qxc2 Qd7 11.d4 Nf6 12.dxe5 dxe5 13.Bg5 O-O-O 14.Nbd2 Rhe8
15.Rad1 Qg4 16.h3 Qh5 17.Qf5+ Kb8 18.Nf1 h6 19.Ng3 Qf7 20.Bxf6 Bxf6 21.b3 g6
22.Qc2 Rxd1 23.Rxd1 g5 24.Qf5 Qe6 25.Qxe6 Rxe6 26.Ne4 Be7 27.Kf1 Kc8 28.Ke2 a5
29.Nfd2 b6 30.Nc4 Bf8 31.Rd5 Bg7 32.a3 Ne7 33.Rd3 Ng6 34.g3 Re8 35.Ne3 Rd8
36.Nd5 Kb7 37.Ke3 Nf8 38.Ne7 Rxd3+ 39.Kxd3 Ne6 40.b4 axb4 41.axb4 Bf8 42.Nf5
b5 43.h4 gxh4 44.Nxh4 Kb6 45.Ng6 Bg7 46.Nd2 c5 47.Ke4 cxb4 48.cxb4 Nd8 49.Nxe5
Nc6 50.Nxc6 Kxc6 51.Nf3 Bc3 52.Ne5+ Kd6 53.Nd3 Ke6 54.g4 Kf6 55.f4 Ke6 56.f5+
Kf6 57.Nf4 Kg5 58.Nd5 Bg7 59.Kf3 h5 60.f6 hxg4+ 61.Kg3 Bxf6 62.Nxf6 Kxf6
63.Kxg4 Ke5 64.Kf3 Kd4 65.Ke2 Kc4 66.Kd1 Kxb4 67.Kc2 Kc4 68.Kb2 Kb4 69.Kc2 Ka3
{#R} 0-1

[Event "26th Chicago Open 2017"]
[Site "Chicago USA"]
[Date "2017.05.25"]
[Round "1.44"]
[White "Schmakel,Sam A"]
[Black "Saleem,Arshaq"]
[Result "1-0"]
[WhiteElo "2344"]
[BlackElo "2042"]
[EventType "swiss"]

1.e4 e5 2.Nf3 Nc6 3.Bb5 a6 4.Ba4 d6 5.c3 f5 6.exf5 Bxf5 7.O-O Bd3 8.Re1 Be7
9.Bc2 Bxc2 10.Qxc2 Nf6 11.d4 e4 12.Ng5 d5 13.f3 h6 14.Nh3 Qd7 15.Nd2 exf3
16.Qg6+ Kf8 17.Nxf3 Bd6 18.Ne5 Bxe5 19.dxe5 Re8 20.Bf4 Ne4 21.Rad1 Qe6 22.Qxe6
Rxe6 23.c4 {#r} 1-0

[Event "26th Chicago Open 2017"]
[Site "Chicago USA"]
[Date "2017.05.25"]
[Round "1.15"]
[White "Wang,Michael"]
[Black "Chandra,Akshat"]
[Result "0-1"]
[WhiteElo "2116"]
[BlackElo "2495"]
[EventType "swiss"]

1.e4 e5 2.Nf3 Nc6 3.Bb5 a6 4.Ba4 d6 5.c3 Bd7 6.O-O g6 7.d4 Bg7 8.Re1 h6 9.h3
Nge7 10.d5 Nb8 11.c4 O-O 12.Nc3 f5 13.a3 Bxa4 14.Qxa4 Nd7 15.Qc2 c6 16.b4 cxd5
17.cxd5 Rc8 18.Qb3 Kh8 19.Bb2 Nf6 20.Nd2 h5 21.Rad1 f4 22.b5 g5 23.Nc4 g4
24.Qb4 gxh3 25.gxh3 Ng6 26.Rd3 Nh4 27.Kh2 f3 28.Bc1 Ng2 29.Rh1 Ng4+ 30.hxg4
Qh4+ 31.Kg1 Qxg4 32.Kf1 Nf4 33.Ne3 Nxd3 34.Qb1 Rxc3 35.Bd2 Qc8 36.Rxh5+ Kg8
{#R} 0-1

[Event "26th Chicago Open 2017"]
[Site "Chicago USA"]
[Date "2017.05.26"]
[Round "3.8"]
[White "Schmakel,Sam A"]
[Black "Chandra,Akshat"]
[Result "1-0"]
[WhiteElo "2344"]
[BlackElo "2495"]
[EventType "swiss"]

1.e4 e5 2.Nf3 Nc6 3.Bb5 a6 4.Ba4 d6 5.c3 Bd7 6.O-O g6 7.d4 Bg7 8.Be3 h6 9.Nbd2
Nge7 10.dxe5 dxe5 11.b4 O-O 12.Bb3 Kh8 13.Ne1 f5 14.f3 f4 15.Bf2 Qe8 16.a4 g5
17.Nc4 Rd8 18.Qe2 Nb8 19.Nd3 Ng6 20.Nc5 Bc8 21.b5 b6 22.bxa6 Nxa6 23.Nd3 Qe7
24.a5 b5 25.Na3 Bd7 26.Rfb1 c5 27.Bd5 Rb8 28.Nb2 g4 29.Na4 Qg5 30.Nxc5 gxf3
31.Qxf3 Nxc5 32.Bxc5 Nh4 33.Qf2 {#r} 1-0